| 000 | 07869namaa22004451i 4500 | ||
|---|---|---|---|
| 003 | EG-GICUC | ||
| 005 | 20260211124050.0 | ||
| 008 | 260204s2025 ua a|||frm||| 000 0 eng d | ||
| 040 |
_aEG-GICUC _beng _cEG-GICUC _dEG-GICUC _erda |
||
| 041 | 0 |
_aeng _beng _bara |
|
| 049 | _aDeposit | ||
| 082 | 0 | 4 | _a616.716 |
| 092 |
_a616.716 _221 |
||
| 097 | _aPh.D | ||
| 099 | _aCai01.11.12.Ph.D.2025.Mo.A | ||
| 100 | 0 |
_aMona Tarek Mohammed Kandil, _epreparation. |
|
| 245 | 1 | 0 |
_aAssessment of hearing and vestibular function of post-menopausal females with osteoporosis and osteopenia / _cby Mona Tarek Mohammed Kandil ; Supervisors Prof. Dr. Amira Maged El-Shennawy, Dr. Mariam Magdy Medhat, Dr. Hussein Sherif Hamdy. |
| 246 | 1 | 5 | _aتقييم وظفية السمع والجهاز الدهليزي للاناث بعد انقطاع الطمث المصابات بهشاشة العظام وضعف العظام |
| 264 | 0 | _c2025. | |
| 300 |
_a173 pages : _billustrations ; _c25 cm. + _eCD. |
||
| 336 |
_atext _2rda content |
||
| 337 |
_aUnmediated _2rdamedia |
||
| 338 |
_avolume _2rdacarrier |
||
| 502 | _aThesis (Ph.D)-Cairo University, 2025. | ||
| 504 | _aBibliography: pages 139-173. | ||
| 520 | 3 | _aBackground: Postmenopausal women are at increased risk of developing osteoporosis and osteopenia—conditions marked by reduced bone mineral density (BMD), which may impair auditory and vestibular functions. Alterations in systemic biomarkers such as serum calcium and vitamin D3 are believed to contribute to these sensory deficits. Objective: This study aimed to evaluate audiovestibular function in postmenopausal women with osteopenia and osteoporosis and explore its correlation with serum calcium, vitamin D3 levels, and DEXA scan scores. Methods: A total of 120 postmenopausal women were equally divided into control, osteopenia, and osteoporosis groups. Participants underwent audiological tests including pure tone audiometry, speech discrimination, TEOAEs, and DPOAEs. Vestibular evaluation included VNG, oVEMP, and cVEMP testing. Blood levels of serum calcium and vitamin D3 were measured, and BMD was assessed via DEXA scans. Results: Significant audiovestibular deterioration was found in the osteopenia and osteoporosis groups compared to controls. The osteoporosis group exhibited the highest hearing thresholds, diminished TEOAE/DPOAE responses, and prolonged oVEMP and cVEMP latencies. Reductions in calcium and vitamin D3 levels were also significant in osteopenic and osteoporotic women. Strong negative correlations were observed between DEXA scores and auditory/vestibular test results. Conclusion: VEMP and OAEs testing can serve as early, non-invasive indicators of subclinical inner ear involvement, reinforcing the importance of integrated bone and ear health evaluation in menopausal care. | |
| 520 | 3 | _aتهدف هذه الدراسة إلى استكشاف العلاقة بين حالة صحةالعظام، وخاصة نقصالكتلة العظمية وهشاشة العظام، وبين الوظائف السمعية والدهليزية لدى النساء بعد انقطاع الطمث. تم تقسيم المشاركات إلى ثلاث مجموعات (مجموعة ضابطة، ومجموعة تعاني من نقص الكتلة العظمية، ومجموعة مصابة بهشاشة العظام)، وتمت المقارنة بينها من حيث مستويات فيتامين د والكالسيوم، والفحوصات السمعية، والتقييمات الدهليزية، واختبارات الجهد العضلي الدهليزي المستثار. كانت المتغيرات الديموغرافية، مثل العمر ومدة انقطاع الطمث، متقاربة إحصائيًا بين المجموعات، مما قلل من تأثير العوامل المربكة. وأظهرت نتائج فحص كثافة العظام انخفاضًا كبيرًا في القيم لدى المجموعتين المصابتين مقارنةً بالمجموعة الضابطة، مما يؤكد وجود نقص في كثافة المعادن في العظام. كما أظهرت النتائج انخفاضًا ملحوظًا في مستويات فيتامين د والكالسيوم لدى النساء المصابات بنقص الكتلة العظمية، وكان الانخفاض أشد وضوحًا لدى المصابات بهشاشة العظام. وقد ارتبطت هذه التغيرات بحدوث خلل في الوظائف السمعية والدهليزية. أظهر التقييم السمعي تدهورًا واضحًا في عتبات السمع لدى المجموعتين المصابتين، خاصة في الترددات العالية. وأكدت اختبارات السمع وجود فقدان سمعي عصبي تدريجي وضعف في وظيفة خلايا الشعر الخارجية. كما انخفضت مؤشرات الفحوصات السمعية، مثل نسبة الإشارة إلى الضوضاء وقابلية تكرار الاستجابة، لدى النساء المصابات بهشاشة العظام، لا سيما في الترددات العالية. وأظهرت التحليلات ارتباطًا واضحًا بين تراجع الوظائف السمعية وانخفاض مستويات الكالسيوم وفيتامين د ودرجات كثافة العظام، خصوصًا لدى المصابات بهشاشة العظام. كذلك أظهرت التقييمات الدهليزية اختلافات واضحة بين المجموعات. وكان الدوار الموضعي أكثر شيوعًا بين المصابات بنقص الكتلة العظمية وهشاشة العظام. كما كشفت اختبارات الجهد العضلي الدهليزي عن تأخر في الكمونات ونقص في الاتساع، مما يدل على وجود خلل في أجزاء الجهاز الدهليزي المرتبطة بتدهور كثافة العظام. وقد وُجدت علاقات ارتباطية سلبية بين هذه النتائج ومستويات الكالسيوم وفيتامين د ودرجات كثافة العظام، مما يشير إلى تدهور في المسارات الدهليزية نتيجة فقدان المعادن. تُبرز هذه الدراسة أن النساء بعد انقطاع الطمث المصابات بنقص الكتلة العظمية أو هشاشة العظام يعانين من ضعف واضح في السمع والاتزان مقارنةً بالمجموعة الضابطة، وترتبط هذه الاضطرابات بانخفاض كثافة العظام ونقص فيتامين د والكالسيوم. وتُظهر النتائج أهمية الفحوصات السمعية والدهليزية كأدوات غير جراحية للكشف المبكر عن تأثيرات فقدان المعادن، وتوصي بإجراء تقييمات دورية للنساء المعرضات لفقدان كثافة العظام، مما يسهم في التدخل المبكر وتحسين جودة الحياة | |
| 530 | _aIssues also as CD. | ||
| 546 | _aText in English and abstract in Arabic & English. | ||
| 650 | 0 | _aOsteoporosis | |
| 650 | 0 | _aهشاشة العظام | |
| 653 | 1 |
_aOsteoporosis _aOsteopenia _aPostmenopausal women _aHearing loss _aBPPV _aVEMPs _aTOAEs _aDPOAEs _aBone Mineral Density |
|
| 700 | 0 |
_aAmira Maged El-Shennawy _ethesis advisor. |
|
| 700 | 0 |
_aMariam Magdy Medhat _ethesis advisor. |
|
| 700 | 0 |
_aHussein Sherif Hamdy _ethesis advisor. |
|
| 900 |
_b01-01-2025 _cAmira Maged El-Shennawy _cMariam Magdy Medhat _cHussein Sherif Hamdy _UCairo University _FFaculty of Medicine _DDepartment of ENT |
||
| 905 |
_aShimaa _eEman Ghareb |
||
| 942 |
_2ddc _cTH _e21 _n0 |
||
| 999 | _c178196 | ||